00782nam a22002657a 45000010005000000030006000050050017000110080041000280200018000690400029000870500008001160820012001241000019001362450054001552500035002092600048002443000049002924900031003415050008003725210029003805210020004096500029004296500026004587000032004847653FISKH20250729155840.0250729b cb ||||| |||| 00| 0 eng d a9781842393185 aFISKHbengcFISKHdFISKH aPZ7 a823.912 aBlyton, Enid  aThe tale of cluck and clopper / cBy Enid Blyton aThis edition published in 2004 aLondon :bAlligator Books Limited , c2001. a21 pages : bcolor illustrations ;c24 cm .  aAlligator Series 1vBook 1 aJ 8 a500 bLexile estimate 8 aJ bRaz-Plus  aHorse vChildren Fiction aHenvChildren Fiction aWard, Sylvia eIllustrator